00342 a2200097 4500001001000000005001700010008004100027245009400068100002000162773006200182ART_4816820260410162032.0260409a 10aCueros. Rama curtiembre CCT 338/1975 y rama curtiembre y teñidos empleados CCT 392/19751 aGodoy, Laura M.0 tLiquidación de sueldosg- N° 151 (dic. 2018)wREV44399